| 000 | 01683nam a22002897a 4500 | ||
|---|---|---|---|
| 999 |
_c22004 _d22004 |
||
| 003 | AR-CdUCM | ||
| 008 | 190425b ||||| |||| 00| 0 spa d | ||
| 040 |
_aMUNICIPALIDAD PROVINCIAL DEL CUSCO _cBIBLIOTECA MUNICIPAL DEL CUSCO |
||
| 082 | _aHist.Ecle/N°5/1996 | ||
| 110 |
_aInstituto Peruano de Historia Eclesiástica _947113 |
||
| 245 |
_aRevista peruana de Historia Eclesiástica / _cInstituto Peruano de Historia Eclesiástica |
||
| 260 |
_aLima. _bServicio copias Gráficas, _c1996. |
||
| 300 |
_a279 páginas. : _c22 cm. |
||
| 440 |
_aRevista peruana de Historia Eclesiástica. _nN°5,1996. _947124 |
||
| 505 | _aContenido: Diócesis peruanas en el siglo XIX. José Dammert. -- La Orden dominicana en el Perú en el siglo XIX. Guillermo Álvarez. -- Los franciscanos del Perú a partir del siglo XIX. Julián Heras. -- Los mercedarios del Perú en el siglo XIX. Severo Aparicio. -- Los jesuitas del Perú en el siglo XIX. Armando Nieto. -- Los agustinos en el Perú del siglo XIX. Benigno Uyarra. -- Gamarra y los eclesiásticos del Cuzco. Horacio Villanueva. -- El establecimiento de nuevos institutos religiosos en el Perú en el siglo XIX. Jeffrey Klaiber. -- Homenaje al Deán Valdivia, experiencia religiosa del Deán Valdivia. José Benito Rodríguez. | ||
| 650 |
_aHistoria eclesiástica _942856 |
||
| 650 |
_aEducación colonial _925888 |
||
| 650 |
_aHistoria del Cusco _91714 |
||
| 650 |
_aReligión católica _947116 |
||
| 650 |
_aEvangelización _947119 |
||
| 700 |
_aDammert, José _947121 |
||
| 700 |
_aÁlvarez, Guillermo _947125 |
||
| 700 |
_aHeras, Julián _947126 |
||
| 700 |
_aVillanueva Urteaga, Horacio _95790 |
||
| 942 |
_2ddc _cPP |
||
| 945 | _arac | ||